000 00601nam a2200217Ia 4500
008 101110s9999 xx 000 0 und d
041 _aENGLISH
082 _bSR30811
100 _aWigglesworth Joe
245 _aJava TM Programming advanced topies 3rd edition
260 _c2007
_bThomson course technology,Australia
300 _a982
365 _b550
520 _aComputer
546 _aENGLISH
630 _aJava TM Programming advanced topies 3rd edition
650 _aComputer
655 _aComputer
730 _aJava TM Programming advanced topies 3rd edition
942 _cBOOK
999 _c823314
_d823311